[Event "Barcelona Sants op-A18th"]
[Site "Barcelona"]
[Date "2016.08.23"]
[Round "5"]
[White "Lorenzo de la Riva, Lazaro"]
[Black "Delizia, Constantino"]
[Result "1-0"]
[WhiteElo "2355"]
[BlackElo "2167"]
[PlyCount "45"]
[EventDate "2016.08.19"]
[EventType "swiss"]
[EventRounds "10"]
[EventCountry "ESP"]
[SourceTitle "CBM 174 Extra"]
[Source "ChessBase"]
[SourceDate "2016.10.10"]
[SourceVersion "1"]
[SourceVersionDate "2016.10.10"]
[SourceQuality "1"]

1. e4 e6 2. d4 d5 3. Bd3 dxe4 4. Bxe4 Nf6 5. Bf3 Be7 6. Ne2 e5 7. Nbc3 exd4 8. Qxd4 Qxd4 9. Nxd4 c6 10. Bg5 h6 11. Bh4 Bb4 12. 0-0-0 Bxc3 13. bxc3 0-0 14. Bxf6 gxf6 15. Rhe1 Na6 16. Re4 Nc5 17. Rh4 Kg7 18. Rh5 Na6 19. Be2 Nc7 20. Rd3 Nd5 21. Rg3+ Kh7 22. Bd3+ f5 23. Nxf5 1-0

[Event "Barcelona Sants op-A18th"]
[Site "Barcelona"]
[Date "2016.08.20"]
[Round "2"]
[White "Delizia, Constantino"]
[Black "Panelo Munoz, Marcelo A"]
[Result "0-1"]
[WhiteElo "2167"]
[BlackElo "2373"]
[PlyCount "68"]
[EventDate "2016.08.19"]
[EventType "swiss"]
[EventRounds "10"]
[EventCountry "ESP"]
[SourceTitle "CBM 174 Extra"]
[Source "ChessBase"]
[SourceDate "2016.10.10"]
[SourceVersion "1"]
[SourceVersionDate "2016.10.10"]
[SourceQuality "1"]

1. e4 e5 2. Nf3 Nc6 3. Bb5 a6 4. Ba4 Nf6 5. 0-0 Be7 6. Re1 b5 7. Bb3 d6 8. c3 0-0 9. h3 Nd7 10. d4 Bf6 11. a4 Bb7 12. d5 Ne7 13. Na3 Nb6 14. axb5 axb5 15. Be3 c6 16. dxc6 Bxc6 17. Bxb6 Qxb6 18. Nc2 Rxa1 19. Nxa1 Rd8 20. Nc2 Qb7 21. Qe2 Ng6 22. Nb4 Nf4 23. Qe3 h6 24. Kh2 Rf8 25. g3 Ne6 26. Bd5 Bxd5 27. Nxd5 Bd8 28. Ra1 f5 29. Ra7 Qc6 30. Nd2 fxe4 31. Qxe4 Qc5 32. Ra8 Rxf2+ 33. Kh1 Rxd2 34. Rxd8+ Nxd8 0-1

[Event "Verona op 11th"]
[Site "Verona"]
[Date "2005.01.05"]
[Round "5"]
[White "Scharrer, Patrick"]
[Black "Delizia, Constantino"]
[Result "1/2-1/2"]
[WhiteElo "2194"]
[BlackElo "2145"]
[PlyCount "44"]
[EventDate "2005.01.??"]
[EventType "swiss"]
[EventRounds "9"]
[EventCountry "ITA"]
[SourceTitle "CBM 104 Extra"]
[Source "ChessBase"]
[SourceDate "2005.03.01"]
[SourceVersion "1"]
[SourceVersionDate "2005.03.01"]
[SourceQuality "1"]

1. e4 e6 2. d4 d5 3. Nd2 c5 4. exd5 exd5 5. Bb5+ Nc6 6. Qe2+ Be7 7. dxc5 Nf6 8. Nb3 0-0 9. Nf3 Re8 10. 0-0 Ne4 11. Qd3 Nxc5 12. Nxc5 Bxc5 13. c3 g6 14. Bg5 Qb6 15. Nd4 Bd7 16. Bxc6 bxc6 17. b4 Bf8 18. Rfe1 c5 19. bxc5 Qxc5 20. Rxe8 Rxe8 21. Be3 Qa5 22. Nb3 Qa3 1/2-1/2

[Event "Verona op 11th"]
[Site "Verona"]
[Date "2005.01.03"]
[Round "2"]
[White "Delizia, Constantino"]
[Black "Guido, Flavio"]
[Result "0-1"]
[WhiteElo "2145"]
[BlackElo "2353"]
[PlyCount "98"]
[EventDate "2005.01.??"]
[EventType "swiss"]
[EventRounds "9"]
[EventCountry "ITA"]
[SourceTitle "CBM 104 Extra"]
[Source "ChessBase"]
[SourceDate "2005.03.01"]
[SourceVersion "1"]
[SourceVersionDate "2005.03.01"]
[SourceQuality "1"]

1. e4 c5 2. c3 Qa5 3. Nf3 e6 4. Na3 d5 5. exd5 exd5 6. Bb5+ Nc6 7. Ne5 Qc7 8. 0-0 Bd6 9. d4 Nge7 10. Bf4 0-0 11. Bd3 a6 12. Re1 Nf5 13. Bxf5 Bxf5 14. Nxc6 bxc6 15. Bxd6 Qxd6 16. Nc2 Rab8 17. b3 Rfe8 18. Qd2 h6 19. Rxe8+ Rxe8 20. Re1 Rxe1+ 21. Nxe1 cxd4 22. cxd4 Qa3 23. h3 Bb1 24. Nd3 Bxd3 25. Qxd3 Qxa2 26. Qc3 g6 27. Qxc6 Qxb3 28. Qe8+ Kg7 29. Qe5+ Kh7 30. Qf6 Qb1+ 31. Kh2 Qf5 32. Qxa6 Qf4+ 33. Kg1 Qxd4 34. Qd6 Kg7 35. h4 Qe4 36. h5 gxh5 37. Qg3+ Kh7 38. f3 Qe3+ 39. Kf1 d4 40. Qc7 Kg6 41. Qd6+ Kg7 42. Qg3+ Qg5 43. Qd6 Qf6 44. Qg3+ Kh7 45. f4 Qa6+ 46. Ke1 Qa1+ 47. Ke2 Qb2+ 48. Kd1 Qc3 49. Qxc3 dxc3 0-1

[Event "Verona op 11th"]
[Site "Verona"]
[Date "2005.01.02"]
[Round "1"]
[White "Mrdja, Milan"]
[Black "Delizia, Constantino"]
[Result "1/2-1/2"]
[WhiteElo "2420"]
[BlackElo "2145"]
[PlyCount "43"]
[EventDate "2005.01.??"]
[EventType "swiss"]
[EventRounds "9"]
[EventCountry "ITA"]
[SourceTitle "CBM 104 Extra"]
[Source "ChessBase"]
[SourceDate "2005.03.01"]
[SourceVersion "1"]
[SourceVersionDate "2005.03.01"]
[SourceQuality "1"]

1. e4 e6 2. d4 d5 3. Nc3 Bb4 4. e5 c5 5. a3 Bxc3+ 6. bxc3 Ne7 7. Qg4 Qc7 8. Qxg7 Rg8 9. Qxh7 cxd4 10. Ne2 Nbc6 11. f4 Bd7 12. Rb1 dxc3 13. Qd3 0-0-0 14. Nxc3 Na5 15. Ne2 Nec6 16. Nd4 Nxd4 17. Qxd4 Qxc2 18. Qb4 Bc6 19. Bd2 Nc4 20. Rc1 Qe4+ 21. Kf2 Qd4+ 22. Ke1 1/2-1/2

[Event "Budapest FS08 IM"]
[Site "Budapest"]
[Date "2004.08.17"]
[Round "11"]
[White "Naes, Flovin Tor"]
[Black "Delizia, Constantino"]
[Result "1/2-1/2"]
[WhiteElo "2269"]
[BlackElo "2170"]
[PlyCount "149"]
[EventDate "2004.08.07"]
[EventType "tourn"]
[EventRounds "13"]
[EventCountry "HUN"]
[EventCategory "2"]
[SourceTitle "EXT 2005"]
[Source "ChessBase"]
[SourceDate "2004.11.15"]
[SourceVersion "1"]
[SourceVersionDate "2004.11.15"]
[SourceQuality "1"]

1. Nf3 Nf6 2. c4 e6 3. Nc3 Bb4 4. Qc2 0-0 5. a3 Bxc3 6. Qxc3 b6 7. d4 Ne4 8. Qc2 Bb7 9. g3 d5 10. Bg2 Nd7 11. 0-0 Rc8 12. cxd5 Bxd5 13. Ne1 Nef6 14. Bxd5 Nxd5 15. Qc6 Nb8 16. Qa4 Qd7 17. Qxd7 Nxd7 18. e4 N5f6 19. f3 c5 20. Be3 cxd4 21. Bxd4 Rfd8 22. Rd1 Nc5 23. Ng2 Nb3 24. Bc3 Kf8 25. Ne3 Ke8 26. Kf2 Kf8 27. Ke2 Ne8 28. Bb4+ Kg8 29. Rxd8 Rxd8 30. Rd1 Rxd1 31. Nxd1 Nd4+ 32. Kf2 f6 33. Bc3 Nc6 34. Ne3 Nd6 35. Ke2 Kf7 36. Kd3 Ke7 37. a4 Kd7 38. b3 a6 39. f4 Ke7 40. Nc4 Nxc4 41. Kxc4 Kd6 42. b4 Kc7 43. g4 Ne7 44. Bd4 Nc8 45. e5 f5 46. gxf5 exf5 47. Kd5 Ne7+ 48. Ke6 Nc6 49. Bc3 g6 50. Kf7 Nd8+ 51. Ke7 Nc6+ 52. Kf6 Kd7 53. e6+ Ke8 54. Kg7 g5 55. fxg5 f4 56. Kxh7 f3 57. Be1 Nxb4 58. g6 Nd5 59. g7 Ne7 60. g8Q+ Nxg8 61. Kxg8 b5 62. axb5 axb5 63. h4 b4 64. h5 b3 65. h6 b2 66. h7 b1Q 67. h8Q Qg6+ 68. Qg7 Qxg7+ 69. Kxg7 Ke7 70. Kg6 Kxe6 71. Kg5 Ke5 72. Kg4 Ke4 73. Kg3 Ke3 74. Bf2+ Kd3 75. Kxf3 1/2-1/2

[Event "Budapest FS08 IM"]
[Site "Budapest"]
[Date "2004.08.08"]
[Round "2"]
[White "Farago, Sandor"]
[Black "Delizia, Constantino"]
[Result "1-0"]
[WhiteElo "2325"]
[BlackElo "2170"]
[PlyCount "89"]
[EventDate "2004.08.07"]
[EventType "tourn"]
[EventRounds "13"]
[EventCountry "HUN"]
[EventCategory "2"]
[SourceTitle "EXT 2005"]
[Source "ChessBase"]
[SourceDate "2004.11.15"]
[SourceVersion "1"]
[SourceVersionDate "2004.11.15"]
[SourceQuality "1"]

1. e4 e6 2. d4 d5 3. e5 c5 4. c3 Nc6 5. Nf3 Qb6 6. a3 c4 7. Nbd2 f6 8. exf6 Nxf6 9. Qe2 Bd6 10. Ne5 0-0 11. f4 Na5 12. g3 Nd7 13. Nef3 Rf6 14. Bh3 Nf8 15. Bg2 Bd7 16. 0-0 Ba4 17. Rf2 Be8 18. Ne5 Bxe5 19. dxe5 Rf7 20. Nf3 Nb3 21. Be3 Qc7 22. Raf1 Re7 23. Nd4 Nxd4 24. Bxd4 Bg6 25. f5 Bxf5 26. Rxf5 exf5 27. Bxd5+ Ne6 28. Rxf5 Rf8 29. g4 b5 30. Qf3 Qc8 31. Kg2 Rd8 32. Be3 Qd7 33. Bg5 Qxd5 34. Bxe7 Qxf3+ 35. Kxf3 Rd3+ 36. Ke4 Rd7 37. Bd6 Rf7 38. Kd5 Nf4+ 39. Kc6 g6 40. Rxf7 Kxf7 41. Kxb5 Nd3 42. Kxc4 Nxb2+ 43. Kd5 Na4 44. e6+ Ke8 45. c4 1-0

[Event "Porto San Giorgio op 15th"]
[Site "Porto San Giorgo"]
[Date "2003.08.24"]
[Round "4"]
[White "Delizia, Constantino"]
[Black "Bondielli, Giorgio"]
[Result "1-0"]
[WhiteElo "2219"]
[BlackElo "2019"]
[PlyCount "49"]
[EventDate "2003.08.21"]
[EventType "swiss"]
[EventRounds "9"]
[EventCountry "ITA"]
[SourceTitle "CBM 095 Extra"]
[Source "ChessBase"]
[SourceDate "2003.09.04"]
[SourceVersion "1"]
[SourceVersionDate "2003.09.04"]
[SourceQuality "1"]

1. e4 e5 2. Nf3 Nf6 3. d4 Nxe4 4. Bd3 d5 5. Nxe5 Bd6 6. 0-0 0-0 7. Nd2 f5 8. Ndf3 Nd7 9. Nxd7 Bxd7 10. c4 c6 11. Qb3 Qb6 12. Qxb6 axb6 13. cxd5 cxd5 14. Ne5 Bxe5 15. dxe5 Be6 16. b4 Nc3 17. a3 d4 18. Bd2 Rfc8 19. Rfc1 g6 20. f3 Kf7 21. Be1 Rd8 22. Bxc3 dxc3 23. Rxc3 Rd7 24. Rac1 Bd5 25. Bb5 1-0

[Event "Porto San Giorgio op 15th"]
[Site "Porto San Giorgo"]
[Date "2003.08.23"]
[Round "3"]
[White "Aleksic, Nenad"]
[Black "Delizia, Constantino"]
[Result "1-0"]
[WhiteElo "2392"]
[BlackElo "2219"]
[PlyCount "193"]
[EventDate "2003.08.21"]
[EventType "swiss"]
[EventRounds "9"]
[EventCountry "ITA"]
[SourceTitle "CBM 095 Extra"]
[Source "ChessBase"]
[SourceDate "2003.09.04"]
[SourceVersion "1"]
[SourceVersionDate "2003.09.04"]
[SourceQuality "1"]

1. e4 e6 2. Nf3 d5 3. Nc3 Nf6 4. e5 Nfd7 5. d4 c5 6. dxc5 Nc6 7. Bf4 Bxc5 8. Bd3 f6 9. exf6 Nxf6 10. 0-0 0-0 11. Ne5 Bd7 12. Qe2 Qe7 13. Rae1 Rae8 14. Bg3 a6 15. Nb1 Bd4 16. Nxc6 Bxc6 17. c3 Bc5 18. Nd2 Bd6 19. Bxd6 Qxd6 20. Nf3 h6 21. Ne5 Nd7 22. Qh5 Nxe5 23. Rxe5 Rf6 24. Qe2 Ref8 25. f3 Qc5+ 26. Kh1 Qd6 27. Qe3 Be8 28. Re1 Bf7 29. Qd4 Bg6 30. Bf1 b5 31. a3 Kh7 32. Bd3 Kg8 33. Qe3 Bxd3 34. Qxd3 Qc6 35. Qe3 Kf7 36. h3 Re8 37. Qd4 Rc8 38. Qg4 Rc7 39. R1e2 Re7 40. Qh5+ Kg8 41. Qh4 Qc4 42. Qg3 Kf7 43. Qf2 Rc7 44. Qb6 Qc6 45. Qe3 Qd6 46. Qf2 Qc5 47. Qh4 Qd6 48. Qh5+ Kf8 49. Qg4 Kf7 50. Rxe6 Rxe6 51. Rxe6 Qxe6 52. Qf4+ Kg8 53. Qxc7 Qe1+ 54. Kh2 Qc1 55. Qd8+ Kh7 56. Qxd5 Qxb2 57. Qf5+ Kg8 58. Qc8+ Kh7 59. Qxa6 Qxc3 60. Qxb5 Qxa3 61. Qe5 g5 62. h4 Qc1 63. Kg3 gxh4+ 64. Kxh4 Qd2 65. Kg3 Qd8 66. f4 Qd3+ 67. Kf2 Qc2+ 68. Kf3 Qd3+ 69. Qe3 Qd1+ 70. Kg3 Qd6 71. Qe4+ Kg8 72. Kh4 Qf6+ 73. Kh5 Kf8 74. Qg6 Qa1 75. Qxh6+ Kf7 76. Qg6+ Kf8 77. Qf5+ Kg8 78. Qe6+ Kf8 79. g4 Qh1+ 80. Kg5 Qc1 81. Qf6+ Kg8 82. Kg6 Qc7 83. Qe6+ Kf8 84. Qf5+ Kg8 85. Qd5+ Kf8 86. Qa8+ Ke7 87. Qa3+ Ke8 88. Qa4+ Ke7 89. Qb4+ Ke8 90. Qb5+ Kf8 91. Qf5+ Kg8 92. Qe6+ Kf8 93. Kg5 Qc1 94. Qd6+ Kf7 95. Qd7+ Kg8 96. Kg6 Qb1+ 97. f5 1-0

[Event "Ischia op"]
[Site "Ischia"]
[Date "1999.??.??"]
[Round "?"]
[White "Wolferink, Frans"]
[Black "Delizia, Constantino"]
[Result "1-0"]
[WhiteElo "2122"]
[BlackElo "2217"]
[PlyCount "69"]
[EventDate "1999.??.??"]
[EventType "swiss"]
[EventRounds "9"]
[EventCountry "ITA"]
[SourceTitle "EXT 2001"]
[Source "ChessBase"]
[SourceDate "2000.11.22"]
[SourceVersion "1"]
[SourceVersionDate "2000.11.22"]
[SourceQuality "1"]

1. e4 e6 2. d4 d5 3. Nd2 c5 4. Ngf3 Nc6 5. Bb5 dxe4 6. Bxc6+ bxc6 7. Nxe4 cxd4 8. Qxd4 Qxd4 9. Nxd4 e5 10. Nb3 f5 11. Nec5 Nf6 12. 0-0 Kf7 13. Re1 Bd6 14. Bd2 Re8 15. Rad1 Rb8 16. Bc1 Bc7 17. c4 Rb4 18. Nd2 Nd7 19. a3 Rb8 20. Nxd7 Bxd7 21. Ne4 Rbd8 22. Nd6+ Bxd6 23. Rxd6 Re6 24. Rd3 h6 25. Red1 Ke8 26. Be3 a6 27. Bb6 Re7 28. Bxd8 Kxd8 29. c5 Kc7 30. Rb3 Bc8 31. Rd6 f4 32. f3 e4 33. fxe4 Rxe4 34. Rg6 Re7 35. Rb6 1-0